| Tag |
First Indicator |
Second Indicator |
Subfields |
| LEADER |
00000cam a22000008a 4500 |
| 001 |
in00000007750 |
| 005 |
20151002060028.0 |
| 008 |
870212s1987 enka b 00110 eng |
| 010 |
|
|
|a 87005169
|
| 020 |
|
|
|a 063115552X :
|c $40.00
|
| 035 |
|
|
|a (OCoLC)15285146
|
| 035 |
|
|
|9 AAA0080AM
|
| 040 |
|
|
|a DLC
|c DLC
|d m/c
|d TXA
|d UtOrBLW
|
| 050 |
0 |
0 |
|a HB172
|b .C85 1987
|
| 100 |
1 |
|
|a Cullis, John G.
|
| 245 |
1 |
0 |
|a Microeconomics and the public economy :
|b a defence of Leviathan /
|c John G. Cullis and Philip R. Jones.
|
| 264 |
|
1 |
|a Oxford, UK ;
|a New York, NY, USA :
|b B. Blackwell,
|c 1987.
|
| 300 |
|
|
|a xx, 251 pages :
|b illustrations
|
| 336 |
|
|
|a text
|b txt
|2 rdacontent
|
| 337 |
|
|
|a unmediated
|b n
|2 rdamedia
|
| 338 |
|
|
|a volume
|b nc
|2 rdacarrier
|
| 504 |
|
|
|a Includes bibliographies and indexes.
|
| 650 |
|
0 |
|a Microeconomics.
|
| 650 |
|
0 |
|a Finance, Public.
|
| 650 |
|
0 |
|a Expenditures, Public.
|
| 700 |
1 |
|
|a Jones, Philip R.,
|d 1948-
|
| 999 |
|
|
|a MARS
|
| 999 |
f |
f |
|s 45513e7a-6da8-3ca2-b055-3e1ca9df93de
|i a98ef8c5-f8cb-347e-933d-ab3f42f6a4d9
|t 0
|
| 952 |
f |
f |
|p ric
|a Texas A&M University
|b Rellis Campus
|c Joint Library Facility
|d Remote Storage
|t 0
|e HB172 .C85 1987
|h Library of Congress classification
|i unmediated -- volume
|m A14812557476
|
| 998 |
f |
f |
|a HB172 .C85 1987
|t 0
|l Remote Storage
|